Only Fools and Horses closing lyrics Quiz Stats

 Plays Quiz not verified by Sporcle

Score 0/80 Timer 05:00
0 Plays Today
% Correct
a
87.7%
a
87.7%
a
87.7%
in
86.5%
Street
82.2%
Street
82.2%
Street
82.2%
Street
82.2%
Street
82.2%
We
81.9%
No
81.7%
no
81.7%
No
81.7%
no
81.7%
income
78.9%
tax
78.9%
Hooky
78.1%
Hooky
78.1%
Hooky
78.1%
Hooky
78.1%
Hooky
78.1%
money
78%
VAT
77.8%
back
76.8%
priced
76.5%
or
74.5%
or
74.5%
Black
72.6%
Rich
72.6%
white
72.3%
got
71.8%
live
71.8%
Long
71.8%
Viva
69.8%
and
69.3%
and
69.3%
and
69.3%
and
69.3%
guarantee
67.9%
God
67.8%
% Correct
bless
67.1%
LPs
65.9%
some
65.6%
half
65.6%
some
65.6%
David
65.5%
Bowie
65%
Bush.
64.8%
at
64.5%
at
64.5%
prices
62.2%
Magnifique
57.8%
Magnifique
57.8%
cut
57.5%
We'll
57.2%
from
55.6%
deep
54.6%
freeze
54.4%
mush
54%
of
53.5%
tiles
52.6%
TVs,
52.3%
Shepherd's
52.1%
carpet
50.1%
Trevor
49.5%
miles
48.9%
miles
48.9%
C'est
48.2%
tracksuits
47.8%
cracked
47.1%
Francis
47.1%
ice
42.4%
gold
37.9%
chains
37.9%
push
37.7%
stroke
36%
wosnames
34.3%
games
31.5%
broke.
29.1%
Pool
14.2%

You're not logged in!

Compare scores with friends on all Sporcle quizzes.
OR
Log In

Show Comments

Extras

Top Quizzes Today


Score Distribution

Your Account Isn't Verified!

In order to create a playlist on Sporcle, you need to verify the email address you used during registration. Go to your Sporcle Settings to finish the process.

Report this User

Report this user for behavior that violates our Community Guidelines.

Details: